000 00207 a2200097 4500
001 46779
100 _amccloughry
245 _aGlobal strategy
260 _aLondon
_bJonathan cape
_c
090 _c29873
_d29873
942 _aNUST-CAE
_cM
_c22083
999 _c281852
_d281852